| 000 -LEADER |
| fixed length control field |
00745cam a22002291 4500 |
| 001 - CONTROL NUMBER |
| control field |
6104562 |
| 005 - DATE AND TIME OF LATEST TRANSACTION |
| control field |
20180215093204.0 |
| 008 - FIXED-LENGTH DATA ELEMENTS--GENERAL INFORMATION |
| fixed length control field |
761021m19631970nyua bde 000 0 eng |
| 010 ## - LIBRARY OF CONGRESS CONTROL NUMBER |
| LC control number |
63014348 |
| 035 ## - SYSTEM CONTROL NUMBER |
| System control number |
(OCoLC)2519460 |
| 040 ## - CATALOGING SOURCE |
| Original cataloging agency |
DLC |
| Transcribing agency |
O |
| Modifying agency |
OCoLC |
| -- |
OAU |
| -- |
MnU |
| -- |
CLU |
| -- |
DLC |
| 041 ## - LANGUAGE CODE |
| Language code of text/sound track or separate title |
eng |
| 080 ## - UNIVERSAL DECIMAL CLASSIFICATION NUMBER |
| Universal Decimal Classification number |
660.3 OTHM |
| 082 ## - DEWEY DECIMAL CLASSIFICATION NUMBER |
| Classification number |
660.3 OTHM |
| 100 ## - Rafti |
| Rafti |
23 |
| 101 ## - Shkurtesa |
| Shkurtesa |
ENC |
| 245 00 - TITLE STATEMENT |
| Title |
Encyclopedia of chemical technology. |
| Statement of responsibility, etc |
Executive editor: Anthony Standen. |
| 504 ## - BIBLIOGRAPHY, ETC. NOTE |
| Bibliography, etc |
Includes bibliographies. |
| 740 0# - ADDED ENTRY--UNCONTROLLED RELATED/ANALYTICAL TITLE |
| Uncontrolled related/analytical title |
Kirk-Othmer encyclopedia of chemical technology. |
| 906 ## - LOCAL DATA ELEMENT F, LDF (RLIN) |
| a |
7 |
| b |
cbc |
| c |
oclcrpl |
| d |
u |
| e |
ncip |
| f |
19 |
| g |
y-gencatlg |
| 942 ## - ADDED ENTRY ELEMENTS (KOHA) |
| Source of classification or shelving scheme |
|
| Item type |
Books |